Space, place and gender

Saved in:
Bibliografiske detaljer
Hovedforfatter: Massey, Doreen (autora)
Format: Bog
Sprog:engelsk
Udgivet: Cambridge Polity Press 1994
Udgivelse:1a. ed
Fag:
Tags: Tilføj Tag
Ingen Tags, Vær først til at tagge denne postø!

MARC

LEADER 00000cam a2200000 a 4500
001 UCC7844
003 CL-VaPUC
008 190510e19940000uk |||||||||||||||||eng|d
020 |a 9780745612362 
082 0 4 |a 304.2  |b MAS  |2 21 
100 |a Massey, Doreen  |e autora  |9 602581 
245 1 0 |a Space, place and gender 
250 |a 1a. ed 
300 |a 280 p 
942 |c BK 
945 |d 20190510 15:30:00  |a dcastane 
260 |a Cambridge  |b Polity Press  |c 1994 
650 0 |a Globalización  |9 361930 
650 0 |a Geografía humana  |9 267193 
650 0 |a Ecología humana   |9 263207 
583 |a last modification  |c 20190510 15:30:00  |k Rodrigo Vera 
999 |c 374393  |d 374391 
952 |0 0  |1 0  |3 erb  |4 0  |6 304_200000000000000_MAS_1994  |7 0  |8 A  |9 492904  |a BIBING  |b BIBING  |i 5546974  |l 1  |o 304.2 MAS 1994  |p 5546974  |r 2025-01-20  |s 2020-03-02  |w 2019-11-24  |y BK  |z Catalogado en:20190510  |k GEO